000
00301nam a22001457a 4500
008
210312b ||||| |||| 00| 0 eng d
020
_a
0717292118
041
_a
eng
080
_a
82
082
_a
82
100
_a
21
101
_a
GJL
245
_a
Literary Lifelines
_c
Col-Fit
942
_2
udc
_c
BK
999
_c
56493
_d
56493